| 000 | 00544nam a22001937a 4500 | ||
|---|---|---|---|
| 999 |
_c6976 _d6976 |
||
| 003 | OSt | ||
| 005 | 20210601134638.0 | ||
| 008 | 210601b ||||| |||| 00| 0 eng d | ||
| 020 | _a0340677689 | ||
| 040 | _cDDC | ||
| 082 | _a570.02McC 1997 | ||
| 100 |
_aMcCloskey,Moya;Blythe,Steve;Robertson,Chris; _914325 |
||
| 245 |
_aQUERCUS: Statistics for Bioscientists: _bA students Guidebook, |
||
| 260 |
_aLondon, _bArnold, _c1997. |
||
| 300 |
_axii,148; _bill; _c20cm, |
||
| 504 | _aincludes index. | ||
| 650 |
_aBiology _95602 |
||
| 942 |
_2ddc _cO_SHELF |
||